00752nam a2200205 a 450000100060000000300090000600800410001502000150005604000280007108200180009910000510011724500350016825000060020326000320020930000080024150502180024965000280046765000240049565000270051921357CO-ViMGA141112s2004 ck r 000 u spa d a8448604482 aCO-ViMGAbspacCO-ViMGA04a636.089 B566m1 aBlood, Douglas; Nuñez Fernández, Oliva Tr.10aManual de medicina veterinaria a9 aMadrid; McGraw Hill, c2002 a840 aEstados sistemicos generales 13 - - Tratamiento antimicrobiano práctico 58 - - Transtronos del sistema cardiovascular 139 - - Enfermedades causadaas por bacterias 382 - - Enfermedades por hipersensibilidad 724 14aENFERMEDADES - MANUALES14aMEDICINA - MANUALES14aVETERINARIA - MANUALES